| 000 | 00659nam a22002415i 4500 | ||
|---|---|---|---|
| 001 | 12215 | ||
| 003 | ES-MaACL | ||
| 005 | 20230906150250.0 | ||
| 007 | t| | ||
| 008 | 950505s1994 sp ||||0| spa j | ||
| 020 | _a84-87169-65-1 | ||
| 040 |
_aM-BN _bspa _cM-BN |
||
| 080 | _a860-14"19" | ||
| 100 | 1 |
_aFerreras, Juan Ignacio. _950525 |
|
| 245 | 1 | 3 |
_aEl libro del exilio / _cJuan Ignacio Ferreras. |
| 260 |
_aMóstoles, Madrid : _bNossa y J, _cD.L. 1994. |
||
| 300 |
_a74 p ; _c20 cm. |
||
| 490 | 1 | _aCreadores | |
| 500 | _a"Madre Tierra"--Cub. | ||
| 830 | 0 |
_aCreadores _9228267 |
|
| 852 |
_aES-MaACL _jL-19523 _bR.123834 |
||
| 999 |
_c12215 _d12215 |
||